| 000 | 01925nam a2200517 i 4500 | ||
|---|---|---|---|
| 001 | xx005915506 | ||
| 003 | NUKAT | ||
| 005 | 20260327112444.0 | ||
| 008 | 260327s2017 pl a |100 0dpol c | ||
| 035 | _a(NUKAT)xx005915506 | ||
| 040 |
_aOLSZT 008/bak _bpol _erda _cOLSZT 008/bak |
||
| 045 | 2 |
_bd1854 _bd1965 |
|
| 046 | _k2017 | ||
| 245 | 0 | 0 | _aSympozjum popularnonaukowe pn. Dorobek prof. Emila von Behringa wielkiego noblisty z Małych Ławic w 100. rocznicę śmierci, Ławice, 30 marca 2017 r. |
| 246 | 3 | 0 | _aDorobek prof. Emila von Behringa wielkiego noblisty z Małych Ławic w 100. rocznicę śmierci |
| 260 |
_aŁawice : _b[wydawca nieznany], _c2017. |
||
| 300 |
_a18 stron : _bilustracje ; _c30 cm. |
||
| 336 |
_aTekst _btxt _2rdacontent |
||
| 337 |
_aBez urządzenia pośredniczącego _bn _2rdamedia |
||
| 338 |
_aWolumin _bnc _2rdacarrier |
||
| 380 | _aKsiążki | ||
| 380 | _aPublikacje popularnonaukowe | ||
| 388 | 1 | _a2001- | |
| 500 | _aOrganizatorzy: Fundacja im. Emila von Behringa, Wójt Gminy Iława. | ||
| 504 | _aBibliografia na stronie 12. | ||
| 600 | 1 | 7 |
_aBehring, Emil von _d(1854-1917) _2DBN _939039 |
| 648 | 7 |
_a1801-1900 _2DBN _936037 |
|
| 648 | 7 |
_a1901-2000 _2DBN _934996 |
|
| 648 | 7 |
_a1901-1914 _2DBN _936038 |
|
| 648 | 7 |
_a1914-1918 _2DBN _936040 |
|
| 648 | 7 |
_a1918-1939 _2DBN _936041 |
|
| 648 | 7 |
_a1939-1945 _2DBN _936042 |
|
| 648 | 7 |
_a1945-1989 _2DBN _936043 |
|
| 650 | 7 |
_aLaureaci _2DBN _939040 |
|
| 650 | 7 |
_aNagroda Nobla _2DBN _939041 |
|
| 650 | 7 |
_aNagroda Nobla w dziedzinie fizjologii lub medycyny _2DBN _939042 |
|
| 650 | 7 |
_aProtestanci _2DBN _938932 |
|
| 651 | 7 |
_aPrusy Wschodnie _2DBN _935154 |
|
| 651 | 7 |
_aIława (woj. warmińsko-mazurskie ; okolice) _2DBN _939043 |
|
| 655 | 7 |
_aMateriały konferencyjne _2DBN _936310 |
|
| 655 | 7 |
_aPraca zbiorowa _2DBN _935107 |
|
| 658 | _aHistoria | ||
| 658 | _aMedycyna i zdrowie | ||
| 658 | _aReligia i duchowość | ||
| 942 |
_2ddc _cBK_NM |
||
| 999 |
_c27293 _d27293 |
||